| 000 | 00953nam a2200241 a 4500 | ||
|---|---|---|---|
| 001 | 40782 | ||
| 003 | BD-RjUL | ||
| 005 | 20211209053259.0 | ||
| 008 | 160510s2004 bg ||||| |||| 00| 0 ben d | ||
| 020 | _c: TK 160.00 | ||
| 035 | _a(BD-RjUL)40897 | ||
| 040 |
_aBD-RjUL _bben _cBD-RjUL |
||
| 041 | _aben | ||
| 082 |
_223 _a398.2 _bCHL 2004 |
||
| 100 |
_aচট্টোপাধ্যায়, তুষার _9117970 |
||
| 245 | 1 | 0 |
_aলোক সংস্কৃতির তত্ত্বরুপ ও স্বরুপ সন্ধান / _cতুষার চট্টোপাধ্যায় |
| 250 | _a৪র্থ সং. | ||
| 260 |
_aকলকাতা : _bএ. মুখার্জী অ্যান্ড কোম্পানী, _c২০০৪ |
||
| 300 |
_a৪০৮ পৃ. ; _c২১ সেমি. |
||
| 650 |
_aলোক সাহিত্য _9125497 |
||
| 650 |
_aFolk Literature _9125498 |
||
| 942 |
_2ddc _cBK _02 |
||
| 999 |
_c40782 _d40782 |
||